[Event "Match (active)"]
[Site "masterchessopen.com Mukachevo (Ukraine)"]
[Date "2007.10.28"]
[Round "9"]
[White "Leko Peter (HUN)"]
[Black "Ivanchuk Vassily (UKR)"]
[Result "1-0"]
[WhiteElo "2755"]
[BlackElo "2787"]

{ Leko Peter (HUN) +0 =2 -0 Ivanchuk Vassily (UKR) +0 =5 -0 } 1.e4 c5 2.Nf3
Nc6 3.d4 cxd4 4.Nxd4 g6 5.c4 Nf6 6.Nc3 d6 7.Be2 Nxd4 8.Qxd4 Bg7 9.Be3 ( 9.O-O
O-O 10.Qd3 Be6 11.Bd2 a6 12.b3 Nd7 13.Rac1 Nc5 14.Qc2 a5 15.f3 Qb6 16.Kh1 Rfc8
17.Rb1 Qd8 18.Rfc1 f5 19.Bd3 a4 20.exf5 axb3 21.axb3 Nxd3 22.Qxd3 Bxf5 23.Ne4
b5 24.Re1 bxc4 25.bxc4 Rcb8 26.Rbc1 Qd7 27.Bc3 Bxe4 28.Qxe4 Bxc3 { ...1/2-1/2,
Leko Peter 2739 - Anand Viswanathan 2770 , Bastia 2001 It (open) (active) } )
9...O-O ( 9...Be6 10.Rc1 Qa5 11.f3 O-O 12.Qd2 Rfc8 13.b3 a6 14.Na4 Qxd2+
15.Kxd2 Nd7 16.g4 f5 17.exf5 gxf5 18.h3 Rf8 19.f4 Rad8 20.Nc3 d5 21.cxd5 Nf6
22.Rhg1 Nxd5 23.Nxd5 Bxd5 24.Ke1 e6 25.gxf5 Rxf5 26.Bd4 Rf7 27.Bh5 Rfd7 28.Rc3
Be4 29.Be5 { ...1/2-1/2, Dominguez Lenier 2635 - Ivanchuk Vassily 2748 ,
Habana 6. 5.2005 Memorial J.Capablanca (a) (cat.15) } ) 10.Qd2 Qa5 { ? } (
10...Ng4 11.Bxg4 Bxg4 12.Bd4 Qa5 { 1/2-1/2, Mueller Matthias 2362 - Teske
Henrik 2538 , Germany 2003 Bundesliga 2002/03 } ) 11.O-O Be6 { ?/± } 12.b3
Rfc8 ( 12...Ng4 13.Bd4 Bxd4 14.Qxd4 Qe5 ( 14...Ne5 15.Qe3 Nc6 16.f4 { +0.11
CAP } ) 15.Qxe5 Nxe5 16.f4 Nc6 17.Kf2 Rfc8 18.Ke3 f6 19.Rad1 Rab8 20.Rd2 Kf8
21.Rc1 a5 22.h4 Nb4 23.Rg1 Na6 24.g4 Nc5 25.f5 Bf7 26.g5 a4 27.b4 Nd7 28.Nd5
Bxd5 29.Rxd5 Nb6 30.Rd4 Kf7 31.Rb1 Rc7 32.c5 { ...1-0, Smeets Jan 2550 -
Wemmers Xander 2411 , Hilversum 19. 3.2006 Ch Netherlands (1/2 final) (KO
system) } ) 13.Rfc1 { N } ( 13.f3 a6 14.a4 Nd7 15.Bd4 ( 15.Rfc1 Qb4 16.Rab1
Nc5 17.a5 Rab8 18.Nd5 Qxd2 19.Bxd2 Bxd5 20.exd5 Bd4+ 21.Kf1 b6 22.b4 Nd7
23.axb6 Rxb6 24.f4 Rcb8 25.Bd3 e6 26.dxe6 fxe6 27.Ke2 Kf7 28.Kf3 e5 29.f5 Nf6
30.g4 Re8 31.Re1 Rc6 32.Rbc1 d5 { ...1/2-1/2, Llorente Zaro Alfonso 2321 -
Vila Xavier, Toledo 2003 Ch Spain (team) (juniors) } ) 15...Bxd4+ 16.Qxd4 Qb4
17.Rab1 Nc5 18.Qe3 Nd7 19.Kh1 Nf6 20.f4 Qc5 21.Qg3 b5 22.axb5 axb5 23.b4 Qb6
24.e5 Nd7 25.f5 Bxc4 26.Bxc4 Rxc4 27.Nd5 Qd8 28.exd6 exd6 29.fxg6 hxg6 30.Qxd6
Ra7 31.Ne7+ Kg7 32.Rxf7+ Kxf7 { ...1-0, Kosteniuk Alexandra 2508 - Milman Lev
2434 , Philadelphia 2003 It "World Open" } ) ( 13.Rac1 a6 14.f4 ( 14.Rc2 b5
15.cxb5 axb5 16.f3 b4 17.Na4 Rxc2 18.Qxc2 Rc8 19.Qd2 Nd7 20.f4 f5 21.exf5 {
1/2-1/2, Schmid Hartmut 2265 - Hobusch Werner 2149 , Bad Segeberg 2002 Ch
Germany (seniors) (team) } ) 14...Bg4 15.Bd3 Bd7 16.h3 Bc6 17.Qf2 Nd7 18.Nd5
Bxd5 19.exd5 b5 20.Rfe1 Nc5 21.Bb1 bxc4 22.Rxc4 Nd7 23.Bd2 Qb6 24.Rxc8+ Rxc8
25.Qxb6 Nxb6 26.Rxe7 Bc3 27.Bxc3 Nxd5 28.Rd7 Nxc3 29.Bd3 d5 30.Bxa6 Ra8 31.Rd6
Nxa2 32.Bb7 Rb8 { ...1/2-1/2, Fischer Robert J 2780 - Reshevsky Samuel H 2430
, Los Angeles 1961 Match } ) 13...Ng4 ( 13...a6 14.a4 Ng4 15.Bxg4 Bxg4 16.Bd4
Bxd4 17.Qxd4 Be6 18.Re1 Qd8 19.Re3 Qf8 20.Rae1 Qg7 21.Qb6 Rab8 22.Nd5 Kf8
23.h3 Bxd5 24.exd5 Qf6 25.a5 Rc5 26.Re4 Rcc8 27.Kf1 Rc5 28.b4 Rcc8 29.Rxe7
Rxc4 30.Rc7 Rxc7 31.Qxc7 Qd8 32.Qc3 Kg8 33.Re4 { ...1-0, Dvoirys Semen I 2582
- Krivoshey Sergei 2461 , Oberwart 2001 It (open) } ) 14.Bxg4 { N } 14...Bxg4
15.Bd4 { +0.11 CAP } 15...Bxd4 16.Qxd4 Be6 17.Rab1 a6 18.a4 Rab8 19.Re1 Qb4
20.Qd3 Rc5 21.h3 Rbc8 22.Re3 R5c6 23.Kh2 Qc5 24.f4 Rb6 { ?! } ( 24...R6c7 { !?
} 25.Rf1 f6 26.Rg3 f5 27.Qe2 Re8 28.exf5 Qxf5 29.Rg5 { } ) 25.Nd5 Bxd5 26.exd5
Rb4 27.Rxe7 b5 28.Rbe1 Rf8 29.Re8 Qf2 30.Rxf8+ Kxf8 31.Qc3 Qxf4+ 32.Kh1 { }
{#r} 1-0

[Event "Ch World (juniors) (under 16) (g)"]
[Site "masterchessopen.com Kemer (Turkey)"]
[Date "2007.11.24"]
[Round "7"]
[White "Jussupow Ekaterina (GER)"]
[Black "Goossens Hanne (BEL)"]
[Result "1-0"]
[WhiteElo "2071"]
[BlackElo "1837"]

1.e4 c5 2.Nf3 Nc6 3.d4 cxd4 4.Nxd4 g6 5.c4 Nf6 6.Nc3 d6 7.Be3 Ng4 8.Bg5 Qb6
9.Be2 Nxf2 10.Kxf2 Qxd4+ 11.Qxd4 Nxd4 12.Nd5 Ne6 13.Be3 f6 14.b4 Kf7 15.c5
dxc5 16.bxc5 Bd7 17.Bc4 Kg7 18.Rhd1 Ba4 19.Rd2 Nd8 20.Nc7 Rc8 21.Ne6+ Nxe6
22.Bxe6 Rc7 23.Rb1 g5 24.Rd8 Kg6 25.Rc8 Rxc8 26.Bxc8 b6 27.Rb4 Bc6 28.cxb6
axb6 29.Bf5+ Kh6 30.Rxb6 Ba8 31.h4 Kg7 32.hxg5 fxg5 {#r} 1-0

[Event "Cup Belgrade (open)"]
[Site "masterchessopen.com Obrenovac (Yugoslavia)"]
[Date "2007.11.30"]
[Round "9"]
[White "Jakovljevic Vlado (BIH)"]
[Black "Stanojoski Zvonko (MKD)"]
[Result "0-1"]
[WhiteElo "2461"]
[BlackElo "2467"]

1.Nf3 c5 2.c4 Nc6 3.d4 cxd4 4.Nxd4 g6 5.e4 Nf6 6.Nc3 d6 7.Be2 Nxd4 8.Qxd4 Bg7
9.Be3 O-O 10.Qd2 Be6 11.Rc1 Qa5 12.f3 Rfc8 13.b3 a6 14.Na4 Qxd2+ 15.Kxd2 Nd7
16.g4 f5 17.exf5 gxf5 18.h3 Rf8 19.f4 Rad8 20.g5 d5 21.cxd5 Bxd5 22.Rhd1 e5
23.Ke1 Bc6 24.Bxa6 exf4 25.Bxf4 Ne5 26.Be2 Ng6 27.Rxd8 Rxd8 28.Be3 Rc8 29.Kf2
f4 30.Bb6 Ne5 31.Bd1 f3 {#R} 0-1

[Event "Tournament (Elo) (a)"]
[Site "masterchessopen.com Budapest (Hungary)"]
[Date "2007.12.03"]
[Round "3"]
[White "Lorand Norbert (HUN)"]
[Black "Hocevar Nikola (SLO)"]
[Result "1-0"]
[WhiteElo "2166"]
[BlackElo "2097"]

1.e4 c5 2.Nf3 g6 3.d4 cxd4 4.Nxd4 Nc6 5.c4 Nf6 6.Nc3 Nxd4 7.Qxd4 d6 8.Be3 Bg7
9.f3 O-O 10.Qd2 Be6 11.Nd5 Bxd5 12.cxd5 a6 13.Be2 Rc8 14.Kf2 Qc7 15.Rac1 Qd7
16.b3 Rxc1 17.Rxc1 Rc8 18.a4 Qe8 19.a5 Nd7 20.b4 Qd8 21.Rc2 Kf8 22.Qc1 Rxc2
23.Qxc2 Ke8 24.b5 Nc5 25.bxa6 Qxa5 26.axb7 Qb4 27.Bxc5 dxc5 28.Qa4+ {#r} 1-0

[Event "Cup Voivoda"]
[Site "masterchessopen.com Legnica (Poland)"]
[Date "2007.12.03"]
[Round "5"]
[White "Chojnacki Krzysztof (POL)"]
[Black "Dobrowolski Aleksander (POL)"]
[Result "1-0"]
[WhiteElo "2398"]
[BlackElo "2356"]

1.e4 c5 2.Nf3 Nc6 3.d4 cxd4 4.Nxd4 g6 5.c4 Nf6 6.Nc3 d6 7.Be2 Nxd4 8.Qxd4 Bg7
9.Be3 O-O 10.Qd2 Be6 11.O-O Qa5 12.Rfc1 Rfc8 13.b3 a6 14.Rab1 b5 15.b4 Qd8
16.cxb5 axb5 17.Bxb5 Ra3 18.Nd5 Nxe4 19.Rxc8 Bxc8 20.Qc1 Rc3 21.Bb6 Qf8
22.Nxc3 Nxc3 23.a4 Nxb1 24.Qxb1 Bc3 25.Qb3 Qg7 26.Bf1 Qe5 27.a5 Qe1 28.Qc4 Be6
29.Qb5 Bxb4 30.a6 Qd2 31.a7 Bd5 32.Be3 {#r} 1-0

[Event "Ch Commonwealth"]
[Site "masterchessopen.com New Delhi (India)"]
[Date "2007.12.05"]
[Round "4"]
[White "Abhay T (IND)"]
[Black "Lee Cecil (TRI)"]
[Result "1-0"]
[WhiteElo "2237"]
[BlackElo "2004"]

1.e4 c5 2.Nf3 Nc6 3.d4 cxd4 4.Nxd4 g6 5.c4 Nf6 6.Nc3 d6 7.Be2 Nxd4 8.Qxd4 Bg7
9.Be3 O-O 10.Qd2 Be6 11.Bd4 Qa5 12.Rd1 Rfc8 13.b3 a6 14.a4 Nd7 15.Bxg7 Kxg7
16.O-O Nc5 17.Qb2 Kg8 18.b4 Nxa4 19.Qa3 Nxc3 20.bxa5 Nxe2+ 21.Kh1 Bxc4 22.Rfe1
Bb5 23.Qe3 Rc2 24.Rd2 Rc3 25.Qg5 f6 26.Qd5+ Kf8 27.Rdxe2 Bxe2 28.Qd2 {#r} 1-0

[Event "It (open)"]
[Site "masterchessopen.com Prague (Czech Republic)"]
[Date "2008.01.14"]
[Round "4"]
[White "Srba Milan (CZE)"]
[Black "Vavrak Peter (SVK)"]
[Result "0-1"]
[WhiteElo "2214"]
[BlackElo "2478"]

1.e4 c5 2.Nf3 Nc6 3.d4 cxd4 4.Nxd4 g6 5.c4 Nf6 6.Nc3 Nxd4 7.Qxd4 d6 8.Be2 Bg7
9.O-O O-O 10.Qd2 Bd7 11.Rb1 a6 12.b3 b5 13.Bb2 Bc6 14.Qe3 Qa5 15.a3 bxc4 16.b4
Qc7 17.Bxc4 Ng4 18.Qg3 Ne5 19.Nd5 Qb7 20.Be2 e6 21.f4 exd5 22.fxe5 dxe5
23.exd5 Bxd5 24.Bxe5 Rfe8 {#R} 0-1

[Event "Czech League 2007/08 (krajsky prebor)"]
[Site "masterchessopen.com Czech Republic"]
[Date "2008.01.20"]
[Round "0"]
[White "Parak Dominik (CZE)"]
[Black "Fajstl Frantisek (CZE)"]
[Result "1-0"]
[WhiteElo "2113"]
[BlackElo "2122"]

1.e4 c5 2.Nf3 Nc6 3.d4 cxd4 4.Nxd4 g6 5.c4 Nf6 6.Nc3 Nxd4 7.Qxd4 d6 8.Be2 Bg7
9.O-O O-O 10.Rd1 Bd7 11.Qd3 Rc8 12.h3 a6 13.Be3 Bc6 14.Rac1 Qa5 15.Qb1 Qe5
16.f4 Qe6 17.Bf3 b5 18.Nd5 Bxd5 19.cxd5 Qd7 20.e5 Rxc1 21.Qxc1 Ne8 22.Bd4 h5
23.Qe3 Bh6 24.Qe4 Nc7 25.Rc1 b4 26.e6 f5 27.exd7 fxe4 28.Bxe4 Nb5 29.Rc8 Nxd4
30.Rxf8+ {#r} 1-0

[Event "It (open) (masters)"]
[Site "masterchessopen.com Gibraltar (England)"]
[Date "2008.01.23"]
[Round "2"]
[White "Papadopoulos I (GRE)"]
[Black "Al-Modiahki Mohamad (QAT)"]
[Result "0-1"]
[WhiteElo "2444"]
[BlackElo "2559"]

{ Al-Modiahki Mohamad (QAT) +0 =1 -0 } 1.e4 c5 2.Nf3 Nc6 3.d4 cxd4 4.Nxd4 g6
5.c4 Nf6 6.Nc3 d6 ( 6...Nxd4 7.Qxd4 d6 8.Bg5 Bg7 9.Qd2 O-O 10.Bd3 a5 11.b3 a4
12.b4 Be6 13.Rc1 Rc8 14.Nd5 Bxd5 15.exd5 b5 16.Bxf6 exf6 17.O-O bxc4 18.Bxc4
Qb6 19.a3 f5 20.g3 Rc7 21.Rc2 h5 22.Be2 Rfc8 23.Rfc1 Kh7 24.Qd1 Bb2 25.Rxc7
Rxc7 26.Rxc7 { ...1/2-1/2, So Wesley 2531 - Al-Modiahki Mohamad 2572 , Macau
29.10.2007 Tournament (team) "MAIG Standard" } ) 7.Be2 Nxd4 8.Qxd4 Bg7 9.Bg5
O-O 10.Qd2 { ?/= } 10...a5 ( 10...a6 11.O-O Be6 12.Rac1 Qa5 13.Rfd1 Rfc8
14.Bxf6 Bxf6 15.Nd5 Qxd2 16.Nxf6+ Kg7 17.Nh5+ gxh5 18.Rxd2 b5 19.Rdc2 bxc4
20.Bxc4 Bxc4 21.Rxc4 Rxc4 22.Rxc4 Rb8 23.b3 Rb5 24.g3 f5 25.Kg2 fxe4 26.Rxe4
Kf6 27.Rf4+ Kg6 28.Ra4 a5 29.Kf3 Kf5 30.Ke3 { ...1/2-1/2, Shirov Alexei 2734 -
Lautier Joel 2638 , Monaco 1999 It "Melody Amber" (active) } ) 11.Rc1 ( 11.O-O
a4 12.Rad1 Be6 13.Qe3 Qa5 14.Nd5 Bxd5 15.exd5 Rfe8 16.Qd3 Nd7 17.Rb1 Rac8
18.b4 axb3 19.axb3 Qa2 20.Qd2 Ra8 21.b4 Qxd2 22.Bxd2 Ra2 23.Rfd1 Rc8 24.Bf1
Bd4 25.Be1 Bb6 26.Rd2 Rca8 27.Rxa2 Rxa2 28.Rc1 Bd4 29.Rd1 Ba7 30.h3 f5 {
...1-0, Pogorelov Ruslan 2411 - Mascaro March Pedro 2370 , Balaguer 24. 7.2007
It (open) } ) ( 11.Rd1 Be6 12.Qe3 ( 12.f3 { +0.41 CAP } ) 12...Qc7 13.b3 Rac8
14.Na4 Rce8 15.O-O Nd7 16.Nc3 Qc5 17.Nd5 Qxe3 18.Bxe3 Nc5 19.f3 Bxd5 20.cxd5
f5 21.exf5 gxf5 22.g3 Rc8 23.Rc1 Be5 24.Kg2 Bb2 25.Rc2 Ba3 26.Bb5 Kf7 27.Re1
Rc7 28.Bg5 Bb4 29.Re3 Rg8 30.h4 Rg6 { ...1-0, Smeets Jan 2558 - Hendriks Willy
2401 , Hilversum 16. 6.2007 Ch Netherlands } ) ( 11.f3 a4 12.Rc1 Be6 13.Rc2
Re8 14.Nb5 Bd7 15.O-O Bc6 16.Rd1 Qb8 17.c5 d5 18.Bxf6 Bxf6 19.exd5 Rd8 20.Bc4
Be5 21.d6 Bxb5 22.Bxb5 exd6 23.f4 Bg7 24.cxd6 Qa7+ 25.Qf2 Qa5 26.Rd5 Qb4
27.Rc4 Qxb2 28.Qxb2 Bxb2 29.Rxa4 Rxa4 30.Bxa4 Ra8 { ...1-0, Yemelin Vasily
2571 - Pigusov Evgeny 2556 , Rethymnon 2003 Cup European Club (final) } )
11...a4 12.f3 ( 12.O-O Be6 13.f3 Qa5 14.Nd5 Qxd2 15.Bxd2 Nxd5 16.cxd5 Bd7
17.Bc3 Rfc8 18.Bxg7 Kxg7 19.Kf2 b6 20.Ke3 Rc5 21.Rc3 g5 22.g3 Rac8 23.Rxc5
bxc5 24.Rf2 Rb8 25.Bd1 Kf6 26.f4 gxf4+ 27.Rxf4+ Kg7 28.Rf2 Rb7 29.a3 h6 30.Kd3
e6 31.Kc3 exd5 { ...1/2-1/2, Brener Ilja 2379 - Wirthensohn Heinz 2412 , Brno
9.2006 Cup Mitropa } ) 12...Be6 ( 12...Qa5 13.Rc2 Re8 14.O-O Bd7 15.Rb1 Rec8
16.Kh1 Kf8 17.Qc1 Be6 18.Bd2 Qd8 19.b3 axb3 20.axb3 Kg8 21.Bf1 Nd7 22.Nb5 Ne5
23.Be3 Nc6 24.Qd2 Ra5 25.Nc3 Rca8 26.Rcc1 Ne5 27.Na4 Nd7 28.Qb4 Qb8 29.Nc3 Nc5
30.Nd5 Bxd5 31.cxd5 Ra1 32.Rxa1 { ...1/2-1/2, Henrichs Thomas 2482 - Hendriks
Willy 2438 , Netherlands 14.10.2006 Ch Netherlands (team) 2006/07 } ) 13.Nd5 {
+0.15 CAP N } ( 13.Rc2 Re8 14.Nb5 Bd7 15.O-O Bc6 16.Rd1 Qb8 17.c5 d5 18.Bxf6
Bxf6 19.exd5 Rd8 20.Bc4 Be5 21.d6 Bxb5 22.Bxb5 exd6 23.f4 Bg7 24.cxd6 Qa7+
25.Qf2 Qa5 26.Rd5 Qb4 27.Rc4 Qxb2 28.Qxb2 Bxb2 29.Rxa4 Rxa4 30.Bxa4 Ra8 31.Bb5
f5 32.d7 Rd8 { ...1-0, Yemelin Vasily 2571 - Pigusov Evgeny 2556 , Rethymnon
2003 Cup European Club (final) } ) 13...Bxd5 14.cxd5 Nd7 15.Qb4 Nc5 16.O-O h6
17.Bd2 f5 18.exf5 Rxf5 19.Bc3 Bxc3 20.bxc3 Kh7 21.Qd4 Qg8 22.c4 Qg7 23.Qd2
Raf8 24.f4 g5 25.Bd3 { ?? } ( 25.fxg5 Rxf1+ 26.Rxf1 Rxf1+ 27.Kxf1 Qa1+ 28.Qe1
Qxa2 29.Bd3+ Nxd3 30.Qxe7+ Kg6 31.Qf6+ Kh5 32.Qxh6+ { } ) 25...Qd4+ { } {#R}
0-1

[Event "It (open) (masters)"]
[Site "masterchessopen.com Gibraltar (England)"]
[Date "2008.01.27"]
[Round "6"]
[White "Reichard Sigge (SWE)"]
[Black "Hughes Peter (ENG)"]
[Result "1-0"]
[WhiteElo "1897"]
[BlackElo "2195"]

1.e4 c5 2.Nf3 g6 3.d4 cxd4 4.Nxd4 Nc6 5.c4 Nf6 6.Nc3 d6 7.Be2 Nxd4 8.Qxd4 Bg7
9.Be3 O-O 10.Qd2 Qa5 11.O-O Be6 12.f4 Rfc8 13.b3 b5 14.f5 Bd7 15.Rac1 bxc4
16.fxg6 hxg6 17.Bxc4 Be8 18.Bh6 Rc5 19.Bxg7 Kxg7 20.Qf4 Rh5 21.Nd5 Ng8 22.Nxe7
{#r} 1-0

[Event "Ch Poland (juniors) (under 20)"]
[Site "masterchessopen.com Sroda (Poland)"]
[Date "2008.02.02"]
[Round "10"]
[White "Galazewski Tomasz (POL)"]
[Black "Dubinski Mateusz (POL)"]
[Result "1-0"]
[WhiteElo "2245"]
[BlackElo "2158"]

1.e4 c5 2.Nf3 Nc6 3.d4 cxd4 4.Nxd4 g6 5.c4 Nf6 6.Nc3 Nxd4 7.Qxd4 d6 8.Be2 Bg7
9.O-O O-O 10.Qd1 Be6 11.Be3 a6 12.Rc1 Rc8 13.b3 Qa5 14.Qd2 b5 15.cxb5 axb5
16.Nd5 Qd8 17.Rxc8 Bxc8 18.Nxf6+ Bxf6 19.Bxb5 Be6 20.Bh6 Bg7 21.Bxg7 Kxg7
22.a4 f6 23.b4 Qb6 24.Rc1 Rc8 25.Rxc8 Bxc8 26.Qd5 Bb7 27.Qc4 d5 28.exd5 Qd6
29.Bc6 {#r} 1-0

[Event "It (b)"]
[Site "masterchessopen.com Guingamp (France)"]
[Date "2008.03.01"]
[Round "9"]
[White "Kozhuharov Spas (BUL)"]
[Black "Ringoir Tanguy (BEL)"]
[Result "1-0"]
[WhiteElo "2424"]
[BlackElo "2354"]

1.c4 c5 2.Nf3 g6 3.d4 cxd4 4.Nxd4 Nc6 5.e4 Nf6 6.Nc3 d6 7.f3 Nxd4 8.Qxd4 Bg7
9.Be3 O-O 10.Qd2 Be6 11.Rc1 Qa5 12.Nd5 Qxa2 13.Nxe7+ Kh8 14.Be2 Rfe8 15.Nd5
Bxd5 16.cxd5 Nxe4 17.fxe4 Rxe4 18.Bf3 Rxe3+ 19.Qxe3 Qa4 20.Kf1 Bxb2 21.Re1 Bd4
22.Qd3 Rc8 23.Bd1 Qa1 24.h4 h5 25.Rh3 Bf6 26.Bxh5 Qa2 27.Bf3 {#r} 1-0

[Event "Ch Poland (juniors) (under 12)"]
[Site "masterchessopen.com Ustron (Poland)"]
[Date "2008.03.13"]
[Round "8"]
[White "Knapik Andrzej (POL)"]
[Black "Gawiec Konrad (POL)"]
[Result "1-0"]
[WhiteElo "1858"]
[BlackElo "1841"]

1.e4 c5 2.Nf3 Nc6 3.d4 cxd4 4.Nxd4 g6 5.c4 Nf6 6.Nc3 d6 7.Be2 Nxd4 8.Qxd4 Bg7
9.O-O O-O 10.Qd3 Be6 11.Be3 Qa5 12.Rac1 Rfc8 13.b3 a6 14.Na4 Nd7 15.f4 f5
16.Bf3 Rab8 17.Ba7 Ra8 18.exf5 Bxf5 19.Qe3 Rc7 20.Bd5+ Kf8 21.h3 b5 22.Bxa8
bxa4 23.Rfe1 Nf6 24.Bb6 {#r} 1-0

[Event "It (open)"]
[Site "masterchessopen.com Narbonne (France)"]
[Round "2"]
[White "Bernard Jacques (FRA)"]
[Black "Herrero Alain (FRA)"]
[Result "1-0"]
[WhiteElo "2257"]
[BlackElo "1758"]

1.e4 c5 2.Nf3 Nc6 3.d4 cxd4 4.Nxd4 g6 5.c4 Nf6 6.Nc3 d6 7.Be2 Nxd4 8.Qxd4 Bg7
9.Be3 O-O 10.Qd2 Qa5 11.O-O Be6 12.f3 Rfc8 13.Rac1 Kf8 14.b3 a6 15.Rfd1 Nd7
16.Nd5 Qxd2 17.Rxd2 b5 18.Rdc2 bxc4 19.Bxc4 a5 20.Kf1 Nc5 21.Nb6 {#r} 1-0

[Event "Cup Mayors (open)"]
[Site "masterchessopen.com Mumbai (India)"]
[Date "2008.05.15"]
[Round "6"]
[White "Harihara S"]
[Black "Sahu Sekhar Chandra (IND)"]
[Result "0-1"]
[WhiteElo "1980"]
[BlackElo "2258"]

1.Nf3 c5 2.c4 Nc6 3.d4 cxd4 4.Nxd4 g6 5.e4 Nf6 6.Nc3 Nxd4 7.Qxd4 d6 8.Bg5 Bg7
9.Nd5 O-O 10.Bxf6 exf6 11.Be2 f5 12.Qd2 fxe4 13.O-O Be6 14.Rad1 Re8 15.b3 f5
16.Nf4 Bf7 17.g3 Be5 18.Nd5 Kg7 19.Qb4 Qd7 20.Nc3 Qc6 21.Nb5 Red8 22.Rd2 Qb6
23.Qa4 a6 24.Qb4 axb5 25.cxb5 Qc5 26.Qxc5 dxc5 27.Rc2 b6 28.a4 Bxb3 {#R} 0-1

[Event "Ch Finland"]
[Site "masterchessopen.com Mantta (Finland)"]
[Date "2008.06.03"]
[Round "2"]
[White "Nyysti Sampsa (FIN)"]
[Black "Hurme Harri M (FIN)"]
[Result "1-0"]
[WhiteElo "2369"]
[BlackElo "2249"]

1.e4 c5 2.Nf3 Nc6 3.d4 cxd4 4.Nxd4 g6 5.c4 Nf6 6.Nc3 Nxd4 7.Qxd4 Bg7 8.e5 Ng8
9.Bf4 d6 10.Rd1 Bd7 11.Be2 dxe5 12.Bxe5 Nf6 13.O-O Bc6 14.Qc5 Qb6 15.Qa3 a5
16.Nb5 Bxb5 17.cxb5 Nh5 18.Bxg7 Nxg7 19.Rfe1 Nf5 20.Bg4 e6 21.Bxf5 gxf5 22.Rd5
f4 23.Qf3 Rg8 24.Qxf4 Rd8 25.Rxd8+ Qxd8 26.Rc1 Rg5 27.a4 Rd5 28.h3 Rd4 29.Qe5
Rxa4 30.Rc7 Qd4 31.Rc8+ Ke7 32.Qg5+ {#r} 1-0

[Event "Ch Umbria"]
[Site "masterchessopen.com Foligno (Italy)"]
[Date "2008.06.07"]
[Round "4"]
[White "Trampetti Luca (ITA)"]
[Black "Parrini Daniele (ITA)"]
[Result "1-0"]
[WhiteElo "2018"]
[BlackElo "2034"]

1.e4 c5 2.Nf3 g6 3.d4 cxd4 4.Nxd4 Nc6 5.c4 Nf6 6.Nc3 d6 7.Be2 Nxd4 8.Qxd4 Bg7
9.Be3 O-O 10.Qd1 Be6 11.f3 Rc8 12.Nd5 Nd7 13.Qd2 Nc5 14.O-O a5 15.Rac1 a4
16.Bd4 Bxd4+ 17.Qxd4 Bd7 18.f4 Bc6 19.f5 Bxd5 20.exd5 Nd7 21.Bg4 Ra8 22.fxg6
hxg6 23.Bxd7 Qxd7 24.Rc3 f6 25.Re3 Rf7 26.Rfe1 Kg7 27.Re6 Rh8 28.Qe4 Kf8
29.Qxg6 Rg7 30.Qxg7+ {#r} 1-0

[Event "Ch Russia (w)"]
[Site "masterchessopen.com Cheliabinsk (Russia)"]
[Date "2008.06.10"]
[Round "7"]
[White "Vasilevich Irina (RUS)"]
[Black "Shadrina Tatiana (RUS)"]
[Result "0-1"]
[WhiteElo "2354"]
[BlackElo "2429"]

1.e4 c5 2.Nf3 Nc6 3.d4 cxd4 4.Nxd4 g6 5.c4 Nf6 6.Nc3 Nxd4 7.Qxd4 Bg7 8.Be2 O-O
9.Qd2 d6 10.O-O Be6 11.Rb1 Qa5 12.b3 Rfc8 13.Bb2 a6 14.a4 b5 15.b4 Qxb4 16.Ba1
Qa5 17.cxb5 Nd7 18.Rfc1 Nc5 19.Bd1 axb5 20.axb5 Rab8 21.Qe3 Bc4 22.Bg4 e6
23.Be2 Nb3 24.Bxc4 Nxc1 25.Bxe6 fxe6 26.Rxc1 Qa3 27.h4 Rxb5 28.Kh2 Rbc5 {#R}
0-1

[Event "Ch Germany (juniors) (Internet) (under 25) (qual4)"]
[Site "masterchessopen.com Internet"]
[Date "2008.06.11"]
[Round "3"]
[White "Coenen Michael (GER)"]
[Black "Gaitzsch Martin (GER)"]
[Result "1-0"]
[WhiteElo "2252"]
[BlackElo "2019"]

1.e4 c5 2.Nf3 Nc6 3.d4 cxd4 4.Nxd4 g6 5.c4 Nf6 6.Nc3 d6 7.Be3 Ng4 8.Bg5 Bg7
9.Nxc6 bxc6 10.h3 Ne5 11.Qd2 O-O 12.Be2 Rb8 13.Rc1 Be6 14.b3 Re8 15.f4 Nd7
16.O-O f6 17.Bh4 Bf7 18.Rcd1 Qb6+ 19.Bf2 Qb4 20.Bxa7 Ra8 21.Be3 f5 22.e5 Red8
23.Bf3 Ra6 24.Na4 Qxd2 25.Rxd2 dxe5 26.Nc5 Nxc5 27.Rxd8+ Bf8 28.Bxc5 Rxa2
29.Bxe7 {#r} 1-0

[Event "It (open)"]
[Site "masterchessopen.com Brno (Czech Republic)"]
[Date "2008.06.30"]
[Round "2"]
[White "Valesova Sarka (CZE)"]
[Black "Blahynka Martin (CZE)"]
[Result "1-0"]
[WhiteElo "1893"]
[BlackElo "1855"]

1.e4 c5 2.Nf3 Nc6 3.d4 cxd4 4.Nxd4 g6 5.c4 Nf6 6.Nc3 d6 7.Be2 Nxd4 8.Qxd4 Bg7
9.O-O O-O 10.Qd3 Nd7 11.Be3 Nc5 12.Qc2 e6 13.Rad1 Qe7 14.Nb5 b6 15.Nxd6 Rd8
16.Nxc8 Raxc8 17.Rxd8+ Rxd8 18.b4 Nb7 19.a3 Rd7 20.Qa4 Nd6 21.Rd1 Rc7 22.c5
Nxe4 23.cxb6 axb6 24.Qa8+ {#r} 1-0

[Event "It (open)"]
[Site "masterchessopen.com Klatovy (Czech Republic)"]
[Round "0"]
[White "Hlavacek Karel (CZE)"]
[Black "Straka Vojtech (CZE)"]
[Result "1-0"]
[WhiteElo "2121"]
[BlackElo "2039"]

1.e4 c5 2.Nf3 Nc6 3.d4 cxd4 4.Nxd4 g6 5.c4 Nf6 6.Nc3 Nxd4 7.Qxd4 Bg7 8.e5 Ng8
9.Bf4 Qa5 10.Qd5 Qb6 11.Nb5 a6 12.c5 Qd8 13.Bc4 e6 14.Nd6+ Kf8 15.Qd2 f6
16.exf6 Bxf6 17.O-O Ne7 18.Bh6+ Kg8 19.g4 Nc6 20.Qf4 Ne5 21.Ne4 {#r} 1-0

[Event "Ch Pan-American (juniors) (under 18)"]
[Site "masterchessopen.com Villa Carlos Paz (Argentina)"]
[Date "2008.07.03"]
[Round "5"]
[White "Blit Jacques (ARG)"]
[Black "Fernandez Fernando (PER)"]
[Result "1-0"]
[WhiteElo "2322"]
[BlackElo "2292"]

1.e4 c5 2.Nf3 Nc6 3.d4 cxd4 4.Nxd4 g6 5.c4 Nf6 6.Nc3 Nxd4 7.Qxd4 d6 8.Bg5 Bg7
9.Be2 O-O 10.Qd2 Be6 11.Rc1 Qa5 12.O-O Rfc8 13.b3 a6 14.f4 Rc5 15.Qe3 Rac8
16.g4 b5 17.f5 Bd7 18.Bxf6 Bxf6 19.Nd5 Qxa2 20.g5 Bxg5 21.Qxg5 Rxd5 22.exd5
Qxe2 23.Rce1 Qd3 24.fxg6 hxg6 25.Re3 Qd2 {#r} 1-0

[Event "Ch Serbia (youth)"]
[Site "masterchessopen.com Golubac (Serbia)"]
[Date "2008.07.15"]
[Round "2"]
[White "Stankovic Milos (SRB)"]
[Black "Stankovic Ivan G (SRB)"]
[Result "1-0"]
[WhiteElo "2248"]
[BlackElo "2083"]

1.e4 c5 2.Nf3 Nc6 3.d4 cxd4 4.Nxd4 g6 5.c4 Nf6 6.Nc3 d6 7.Be2 Nxd4 8.Qxd4 Bg7
9.Be3 O-O 10.Qd2 Ng4 11.Bxg4 Bxg4 12.Bh6 Re8 13.h4 Bh8 14.h5 Qa5 15.hxg6 hxg6
16.Rc1 Qe5 17.Be3 Rac8 18.b3 a6 19.f3 Be6 20.f4 Qg7 21.f5 gxf5 22.Rh5 f4
23.Bxf4 f6 24.Kf2 Qg4 25.Rch1 Bg7 26.R5h3 Bxc4 27.Rg3 {#r} 1-0

[Event "It (open)"]
[Site "masterchessopen.com Kuala Lumpur (Malaysia)"]
[Date "2008.08.18"]
[Round "2"]
[White "Mas Hafizulhelmi (MAS)"]
[Black "Sagar Shah (IND)"]
[Result "1-0"]
[WhiteElo "2439"]
[BlackElo "2255"]

1.e4 c5 2.Nf3 g6 3.d4 cxd4 4.Nxd4 Nc6 5.c4 Nf6 6.Nc3 d6 7.Be2 Nxd4 8.Qxd4 Bg7
9.Bg5 O-O 10.Qd2 Be6 11.O-O Qa5 12.Rac1 Rfc8 13.b3 a6 14.Rfd1 b5 15.Bxf6 Bxf6
16.Nd5 Qxd2 17.Nxf6+ Kg7 18.Rxd2 Kxf6 19.Rdc2 b4 20.a4 g5 21.f3 {#r} 1-0